000 00963nam a22003017a 4500
001 BR2012002160
003 BR-BrBNA
005 20230928103930.0
007 ta
008 230509b bl.||||| |||| 00| 0 por d
040 _aBR-BrBNA
_bpor
_cBiblioteca Nacional de Agricultura
041 _a(Por)
072 _aH20
_b3240
_b4020
090 _ 3240 BR2012002160
100 1 _aBorges, C.M.
110 1 _aUniversidade Federal de Lavras, MG (Brasil)
_0Tese (Mestrado)
245 1 _aResposta da comunidade de formigas ao corte seletivo corredores de florestas nativa e a plantações de eucalipto em um região da Amazônia Brasileira
260 3 _aLavras, MG (Brasil):
_c2011.
300 _a44 p.
500 _aSummaries (Eng, Por); Bibliography p. 38-44; 5 illus.
650 _aEUCALIPTO
650 _aFLORESTA NATIVA
650 _aFORMIGA
650 _aBIODIVERSIDADE
650 _aAMAZÔNIA
909 _a202309
_bLucia
_c55
_dLucia Elande
942 _cBK
999 _c77300
_d77300